A Partnership in trade technology and investment: background paper.
| Format: | Book |
|---|
| LEADER | 00344cam a2200121 7i4500 | ||
|---|---|---|---|
| 001 | 0000002634 | ||
| 005 | 19991025090000.0 | ||
| 002 | ##000003876 | ||
| 020 | 0 | 0 | |a T000003830 |
| 090 | 0 | 0 | |a INDA 338.73 |b PAR |
| 245 | 0 | 0 | |a A Partnership in trade technology and investment: background paper. |
| 300 | 0 | 0 | |a 60 p.. |
| 999 | |a 000004164 |b Book |c Open shelf |e Business Information Centre | ||